|
|
แสดงรายละเอียดบรรณานุกรม |
|
|
Brief Record
: Get Marc (ISO 2709)
: E-mail record
: |
|
|
| LEADER 00000nam 2200000uu 4500 | |||
| 001 213778 | |||
| 003 ULIBM | |||
| 008 230827s||||||||th 000 0 tha d | |||
| 020 ^a9786163146144 | |||
| 041 ^atha | |||
| 060 4 ^aWT150 ร625ก 2563 | |||
| 100 ^aรังสิมันต์ สุนทรไชยา | |||
| 245 ^aการบำบัดจิตสังคมสำหรับผู้สูงอายุ/รังสิมันต์ สุนทรไชยา | |||
| 250 ^aพิมพ์ครั้งที่ 2. | |||
| 260 ^aปทุมธานี :^bสำนักพิมพ์มหาวิทยาลัยธรรมศาสตร์,^c2563. | |||
| 300 ^a212 หน้า:^bภาพประกอบ;^c26 ซม. | |||
| 650 4 ^aผู้สูงอายุ^xการบำบัดทางจิต | |||
| 710 2 ^aมหาวิทยาลัยธรรมศาสตร์.^bคณะพยาบาลศาสตร์ | |||
| 999 ^aใช้งานได้ทุกระบบ | |||
| คุณยังไม่ได้ล็อกอิน คุณสามารถมีกิจกรรมร่วมกับเว็บไซต์ได้ แต่ต้องล็อกอินก่อน :: |
|
| สถานะ | |||||||||
| 1. | การพยาบาล (ตำราหลัก) | WT150 ร625ก 2563 ฉ.1 | On Shelf ขอยืม | ||||||
| Note:จัดซื้อปีงบประมาณ 2565 | |||||||||
| 2. | การพยาบาล (ตำราหลัก) | WT150 ร625ก 2563 ฉ.2 | On Shelf ขอยืม | ||||||
| Note:จัดซื้อปีงบประมาณ 2565 | |||||||||
| 3. | การพยาบาล (ตำราหลัก) | WT150 ร625ก 2563 ฉ.3 | On Shelf ขอยืม | ||||||
| Note:จัดซื้อปีงบประมาณ 2565 | |||||||||
| [แสดง 3/3 รายการ] | |||||||||
BibComment |
| คอมเมนท์ทรัพยากรรายการนี้ |
|
|